000 00478nam a22001577a 4500
999 _c9333
_d9333
008 210403b ||||| |||| 00| 0 eng d
040 _aBMS College of Architecture
100 _aRoy, P, Preeti
245 _aInstitute of onclolgy cancer hospital
300 _aNA
500 _a1BM98AT031
502 _8B.Arch
_NBMS College of Architecture, Visvesvaraya Technological University
_aProject report
_d2003
650 _aHospital
700 _aSatish Rao
_eGuide
942 _2ddc
_cTHE